000 00329nam a2200133Ia 4500
005 20251222152010.0
008 251222s9999||||xx |||||||||||||| ||spa||
082 _a863/C28
100 _aCarcelén Gandía, Miguel Ángel
245 0 _aCrisálida
250 _a1ra.ed.
264 _bImprenta Provincial de Valencia
942 _cLIB
999 _c24884
_d24884